000 00635nam a2200205Ii 4500
003 JO-AjNU
008 230605s9999||||xx |||||||||||||| ||und||
017 _a2005/3/570
040 _aJO-AjNU
_bara
_erda
_cJO-AjNU
041 _aara
050 1 4 _aPJ7826.F5 2005
100 3 _aتأليف الخريشا،فتحي (أبو أكبر),
_eauthor
_924621
245 0 0 _aالموسيقى
264 3 1 _aعمان:المؤلف،2005
300 _a92ص
336 _atext
_btxt
_2rdacontent
337 _aunmediated
_bn
_2rdamedia
338 _avolume
_bnc
_2rdacarrier
650 4 _aالأدب العربي - منوعات - موسيقى
_924622
999 _aA9095
_c12663
_d12663